[Event "USCF 2001 Absolute-ch corr"]
[Site "USA"]
[Date "2002.??.??"]
[Round "?"]
[White "Schakel, Corky"]
[Black "Mousessian, John"]
[Result "1/2-1/2"]
[WhiteElo "2429"]
[BlackElo "2387"]
[PlyCount "54"]
[EventDate "2002.??.??"]
[EventType "tourn (corr)"]
[EventRounds "12"]
[EventCountry "USA"]
[SourceTitle "Corr 2006"]
[Source "ChessBase"]
[SourceDate "2006.04.01"]
[SourceVersion "3"]
[SourceVersionDate "2006.04.01"]
[SourceQuality "1"]

1. e4 c5 2. Nf3 d6 3. Bb5+ Bd7 4. Bxd7+ Qxd7 5. 0-0 Nc6 6. c3 Nf6 7. d4 Nxe4 8. d5 Nd8 9. Re1 Nf6 10. Bg5 Ng8 11. Na3 g6 12. Qb3 Bg7 13. Nc4 Kf8 14. Ncd2 h6 15. Bh4 Nf6 16. c4 e5 17. dxe6 Nxe6 18. Rad1 Qc6 19. Qe3 Re8 20. Qa3 a6 21. b4 cxb4 22. Qxb4 Nc5 23. Rxe8+ Nxe8 24. Bg3 Kg8 25. Nb3 Qa4 26. Qxa4 Nxa4 27. Nbd4 Nb2 1/2-1/2

[Event "Arne Henriksen mem"]
[Site "Denmark"]
[Date "2000.??.??"]
[Round "?"]
[White "Larsen, Soren Michael"]
[Black "Mousessian, John"]
[Result "0-1"]
[WhiteElo "2338"]
[BlackElo "2466"]
[PlyCount "68"]
[EventDate "2000.05.14"]
[EventType "tourn (corr)"]
[EventRounds "14"]
[EventCountry "DEN"]
[EventCategory "7"]
[SourceTitle "Corr 2002"]
[Source "ChessBase"]
[SourceDate "2002.05.23"]
[SourceVersion "1"]
[SourceVersionDate "2002.05.23"]
[SourceQuality "1"]

1. Nc3 d5 2. e4 dxe4 3. Nxe4 e5 4. Bb5+ c6 5. Bc4 Nf6 6. Qe2 Nxe4 7. Qxe4 Bd6 8. Nf3 0-0 9. d3 Nd7 10. Bg5 Qb6 11. 0-0-0 Nc5 12. Qe2 Qc7 13. d4 exd4 14. Nxd4 b5 15. Bd3 a5 16. Qf3 Nxd3+ 17. Rxd3 Ra6 18. h4 a4 19. Nf5 Bxf5 20. Qxf5 a3 21. b3 c5 22. Rd5 c4 23. Rxb5 cxb3 24. Rxb3 Rc8 25. Rd1 g6 26. Qd3 Be5 27. Kb1 Rd6 28. Qe2 Re6 29. Rdd3 Bg7 30. Be3 Rc6 31. Qd1 Rxc2 32. Rd7 Qe5 33. Rd8+ Bf8 34. Qd5 Qe7 0-1

[Event "Arne Henriksen mem"]
[Site "Denmark"]
[Date "2000.??.??"]
[Round "?"]
[White "Mousessian, John"]
[Black "Andresen, Tarald"]
[Result "1-0"]
[WhiteElo "2466"]
[BlackElo "2417"]
[PlyCount "95"]
[EventDate "2000.05.14"]
[EventType "tourn (corr)"]
[EventRounds "14"]
[EventCountry "DEN"]
[EventCategory "7"]
[SourceTitle "Corr 2002"]
[Source "ChessBase"]
[SourceDate "2002.05.23"]
[SourceVersion "1"]
[SourceVersionDate "2002.05.23"]
[SourceQuality "1"]

1. e4 e5 2. Nf3 Nc6 3. Bb5 a6 4. Ba4 Nf6 5. 0-0 Be7 6. Re1 b5 7. Bb3 0-0 8. c3 d5 9. exd5 Nxd5 10. Nxe5 Nxe5 11. Rxe5 c6 12. d4 Bd6 13. Re1 Qh4 14. g3 Qh3 15. Be3 Bg4 16. Qd3 Rae8 17. Nd2 Re6 18. a4 f5 19. Qf1 Qh5 20. axb5 f4 21. Bxf4 Bxf4 22. Rxe6 Bxe6 23. gxf4 axb5 24. Qe1 Qg6+ 25. Kh1 Nxf4 26. Bxe6+ Nxe6 27. Qe2 Nf4 28. Qe4 Qh5 29. f3 Qh4 30. Rf1 Qh3 31. Rg1 Qh6 32. Nb3 Nh3 33. Rf1 Ng5 34. Qg4 Ne6 35. Re1 Rf6 36. Re4 Rg6 37. Qf5 Rf6 38. Qe5 Qh3 39. Nd2 h6 40. Rg4 Ng5 41. Qg3 Qxg3 42. Rxg3 Re6 43. h4 Nh7 44. Ne4 Nf6 45. Nxf6+ Rxf6 46. Kg2 Rd6 47. Rg4 Kf7 48. Re4 1-0

[Event "Arne Henriksen mem"]
[Site "Denmark"]
[Date "2000.??.??"]
[Round "?"]
[White "Mousessian, John"]
[Black "Kharitonov, Aleksandr Alekseevi"]
[Result "1/2-1/2"]
[WhiteElo "2466"]
[BlackElo "2332"]
[PlyCount "46"]
[EventDate "2000.05.14"]
[EventType "tourn (corr)"]
[EventRounds "14"]
[EventCountry "DEN"]
[EventCategory "7"]
[SourceTitle "Corr 2002"]
[Source "ChessBase"]
[SourceDate "2002.05.23"]
[SourceVersion "1"]
[SourceVersionDate "2002.05.23"]
[SourceQuality "1"]

1. e4 c5 2. c3 Nf6 3. e5 Nd5 4. g3 d6 5. exd6 Qxd6 6. Bg2 Nc6 7. Ne2 Bf5 8. d4 0-0-0 9. 0-0 e5 10. dxe5 Qxe5 11. Nd2 Be7 12. Re1 Qc7 13. Qb3 Be6 14. Qc2 g5 15. Nc4 Rhe8 16. a4 Kb8 17. b3 h6 18. Bb2 h5 19. Rad1 h4 20. Na3 hxg3 21. hxg3 Bf6 22. Nb5 Qc8 23. Qc1 Rg8 1/2-1/2

[Event "Arne Henriksen mem"]
[Site "Denmark"]
[Date "2000.??.??"]
[Round "?"]
[White "Mousessian, John"]
[Black "Pribyl, Josef"]
[Result "1-0"]
[WhiteElo "2466"]
[BlackElo "2420"]
[PlyCount "115"]
[EventDate "2000.05.14"]
[EventType "tourn (corr)"]
[EventRounds "14"]
[EventCountry "DEN"]
[EventCategory "7"]
[SourceTitle "Corr 2002"]
[Source "ChessBase"]
[SourceDate "2002.05.23"]
[SourceVersion "1"]
[SourceVersionDate "2002.05.23"]
[SourceQuality "1"]

1. e4 c5 2. c3 d5 3. exd5 Qxd5 4. d4 Nf6 5. Nf3 e6 6. Be2 Nc6 7. 0-0 cxd4 8. cxd4 Be7 9. Nc3 Qd6 10. Nb5 Qd8 11. Bf4 Nd5 12. Bg3 a6 13. Nc3 0-0 14. Rc1 Nf6 15. h3 b6 16. a3 Bb7 17. Qd3 b5 18. Rfd1 Rc8 19. b4 Qb6 20. Bf4 Rfd8 21. Be3 Qc7 22. Qb1 Qb8 23. Bd3 h6 24. Ne4 Nxe4 25. Bxe4 Bf6 26. d5 Ne5 27. dxe6 Nxf3+ 28. Bxf3 Bxf3 29. Rxd8+ Rxd8 30. exf7+ Kxf7 31. gxf3 Qd6 32. Kg2 Qd3 33. Qa2+ Kg6 34. Qe6 Rd6 35. Qe4+ Qxe4 36. fxe4 Re6 37. f3 Kh5 38. Rc2 g5 39. Bf2 Bd8 40. Bd4 Rd6 41. Be5 Re6 42. Bg3 Bb6 43. Kf1 Kg6 44. Ke2 Bd4 45. h4 Bf6 46. Ke3 Bg7 47. Be1 Be5 48. hxg5 hxg5 49. Bd2 Rd6 50. Ke2 Re6 51. Rc5 Bf6 52. Bc3 Be7 53. Rc8 Kf7 54. Rc7 g4 55. e5 gxf3+ 56. Kxf3 Rh6 57. Bd2 Rh5 58. Ke4 1-0

[Event "Arne Henriksen mem"]
[Site "Denmark"]
[Date "2000.??.??"]
[Round "?"]
[White "Soederberg, Kaj W"]
[Black "Mousessian, John"]
[Result "1-0"]
[WhiteElo "2434"]
[BlackElo "2466"]
[PlyCount "51"]
[EventDate "2000.05.14"]
[EventType "tourn (corr)"]
[EventRounds "14"]
[EventCountry "DEN"]
[EventCategory "7"]
[SourceTitle "Corr 2002"]
[Source "ChessBase"]
[SourceDate "2002.05.23"]
[SourceVersion "1"]
[SourceVersionDate "2002.05.23"]
[SourceQuality "1"]

1. f4 d5 2. Nf3 g6 3. g3 Bg7 4. Bg2 Nf6 5. d3 0-0 6. 0-0 c5 7. c3 Nc6 8. Qe1 b6 9. h3 Qc7 10. Na3 Ba6 11. g4 e6 12. Bd2 Rad8 13. Qh4 h6 14. f5 g5 15. Nxg5 hxg5 16. Bxg5 Qe7 17. Rf2 Rd6 18. Raf1 e5 19. Bd2 Ne8 20. g5 f6 21. c4 Nc7 22. cxd5 Nxd5 23. Nc4 Rd7 24. Bxd5+ Rxd5 25. Ne3 Rd7 26. Ng4 1-0